LIBRARY & INFORMATION CENTRE, KCAET, TAVANUR

ONLINE PUBLIC ACCESS CATALOGUE (OPAC)

Co-Operation at : A glance / (Record no. 3360)

MARC details
000 -LEADER
fixed length control field 00648cam a2200145ua 4500
041 ## - LANGUAGE CODE
Language code of text/sound track or separate title eng
082 ## - DEWEY DECIMAL CLASSIFICATION NUMBER
Classification number 334
Item number MIN/CO
245 ## - TITLE STATEMENT
Title Co-Operation at : A glance /
260 ## - PUBLICATION, DISTRIBUTION, ETC. (IMPRINT)
Place of publication New Delhi :
Name of publisher Government of India ,
Year of publication 1962.
300 ## - PHYSICAL DESCRIPTION
Number of Pages 39 ; .
942 ## - ADDED ENTRY ELEMENTS (KOHA)
Koha item type Books
Holdings
Withdrawn status Lost status Damaged status Home library Current library Date acquired Full call number Accession Number Koha item type Public note
Withdrawn     KAUAET KAUAET 07/04/2012 334 5874 Books Deleted
free website counter